000 00250nam a22000857a 4500
999 _c11192
_d11192
008 181009b ||||| |||| 00| 0 eng d
100 _aSINGH, ANAMIKA
_96949
245 _aRELIABLE QUESTION BANK SCIENCE - X
_bTERM 1
260 _aNEW DELHI
_bARORA ENTER PRISES